boygenius - Me & My Dog (Lyrics) - Statistics

General Stats
  • This quiz has been taken 102 times
  • The average score is 121 of 147
Answer Stats
Answer % Correct
a
100%
an
100%
And
100%
and
100%
do
100%
I
100%
me
100%
you
100%
dog
98%
I'm
98%
my
98%
to
96%
We
94%
we
94%
be
92%
dream
92%
impossible
92%
on
92%
were
92%
When
92%
day
90%
Even
90%
had
90%
bad
88%
great
88%
it
88%
Just
88%
no
88%
though
88%
with
88%
'Cause
87%
kissing
87%
eat
85%
forgot
85%
hear
85%
of
85%
view
85%
wanna
85%
the
83%
without
83%
emaciated
81%
got
81%
one
81%
sleep
81%
song
81%
your
81%
about
79%
Now
79%
now,
79%
thinking
79%
was
79%
make
77%
spaceship
77%
But
75%
Don't
73%
In
73%
met
73%
never
73%
at
71%
fever
71%
I'd
71%
know
71%
matter
71%
wish
71%
all
69%
embarrassing
69%
said
69%
show
69%
Something
69%
still
69%
cool
67%
could
67%
doesn't
67%
myself
67%
teenagers
67%
together
67%
hold
65%
sometimes
65%
this
65%
thought
65%
Until
65%
up
65%
why
65%
didn't
63%
I'll
63%
right
63%
wake
63%
won't
63%
better
62%
cried
62%
Tell
62%
fine
60%
friend
60%
guy
60%
morning
60%
any
58%
breathe,
58%
couldn't
56%
it'd
56%
went
56%
outside
54%
falling
50%
No matching quizzes found
Score Distribution
Percent of People with Each Score
Percentile by Number Answered
Your Score History
You have not taken this quiz